MARC details
| 000 -LEADER |
| fixed length control field |
01644naa a2200385 i 4500 |
| 003 - CONTROL NUMBER IDENTIFIER |
| control field |
EG-GICUC |
| 005 - DATE AND TIME OF LATEST TRANSACTION |
| control field |
20260121101426.0 |
| 008 - FIXED-LENGTH DATA ELEMENTS--GENERAL INFORMATION |
| fixed length control field |
251203s1916 us ||||fr|||||||1 | eng d |
| 040 ## - CATALOGING SOURCE |
| Original cataloging agency |
EG-GiCUC |
| Language of cataloging |
eng |
| Transcribing agency |
EG-GiCUC |
| Modifying agency |
EG-GiCUC |
| Description conventions |
rda |
| 041 0# - LANGUAGE CODE |
| Language code of text/sound track or separate title |
eng |
| 082 04 - DEWEY DECIMAL CLASSIFICATION NUMBER |
| Edition number |
21 |
| Classification number |
341.22 |
| Item number |
TE . S |
| 092 04 - LOCALLY ASSIGNED DEWEY CALL NUMBER (OCLC) |
| Edition number |
21 |
| 099 ## - LOCAL FREE-TEXT CALL NUMBER (OCLC) |
| Classification number |
Law1 11 341.22 TE . S 1916 |
| 100 1# - MAIN ENTRY--PERSONAL NAME |
| Personal name |
Textor, Johann Wolfgang, |
| Dates associated with a name |
1638-1701, |
| Relator term |
Author. |
| 245 10 - TITLE STATEMENT |
| Title |
Synopsis of the Law of Nations. |
| Number of part/section of a work |
Volume 2, |
| Name of part/section of a work |
The Translation / |
| Statement of responsibility, etc. |
by Johann Wolfgang Textor The Translation by John Pawley Bate. |
| 264 #3 - PRODUCTION, PUBLICATION, DISTRIBUTION, MANUFACTURE, AND COPYRIGHT NOTICE |
| Place of production, publication, distribution, manufacture |
Oxford : |
| Name of producer, publisher, distributor, manufacturer |
The Clarendon University Press, |
| Date of production, publication, distribution, manufacture, or copyright notice |
1930. |
| 264 #1 - PRODUCTION, PUBLICATION, DISTRIBUTION, MANUFACTURE, AND COPYRIGHT NOTICE |
| Place of production, publication, distribution, manufacture |
WASHINGTON, D. C. : |
| Name of producer, publisher, distributor, manufacturer |
The Carnegie Institution of Washington, |
| Date of production, publication, distribution, manufacture, or copyright notice |
1916. |
| 300 ## - PHYSICAL DESCRIPTION |
| Extent |
349 pages ; |
| Dimensions |
24 cm. |
| 336 ## - CONTENT TYPE |
| Source |
rda content |
| Content type term |
text |
| 337 ## - MEDIA TYPE |
| Source |
rda media |
| Media type term |
Computer |
| 338 ## - CARRIER TYPE |
| Source |
rda carrier |
| Carrier type term |
Online Resource |
| 490 0# - SERIES STATEMENT |
| Series statement |
The classics of international law. |
| 500 ## - GENERAL NOTE |
| General note |
Includes index |
| 500 ## - GENERAL NOTE |
| General note |
With facsimile reproduction of t.-p. of original edition, Basel, 1680 |
| 500 ## - GENERAL NOTE |
| General note |
Translated from Latin |
| 504 ## - BIBLIOGRAPHY, ETC. NOTE |
| Bibliography, etc. note |
Includes Bibliographic references<br/>Includes marginal notes (side-notes)<br/> |
| 505 ## - FORMATTED CONTENTS NOTE |
| Formatted contents note |
Vot. L. A Reproduction of the Fint Edition, with Introduction by Ludwig von Bar, and List of Errata<br/><br/>VoL. II. A Translation of the Text, by John Pawley Bate, with Index of Authors Cited. |
| 546 ## - LANGUAGE NOTE |
| Language note |
Text in English |
| 650 14 - SUBJECT ADDED ENTRY--TOPICAL TERM |
| Source of heading or term |
qrmak |
| General subdivision |
Public international law |
| Topical term or geographic name entry element |
League of Nations |
| 651 1# - SUBJECT ADDED ENTRY--GEOGRAPHIC NAME |
| Source of heading or term |
qrmak |
| 700 1# - ADDED ENTRY--PERSONAL NAME |
| Personal name |
Bate, John Pawley, |
| Relator term |
Translator. |
| Dates associated with a name |
1857-1921, |
| 856 40 - ELECTRONIC LOCATION AND ACCESS |
| Uniform Resource Identifier |
<a href="https://fll.law.cu.edu.eg/fulltext/bks/B11-05505.pdf">https://fll.law.cu.edu.eg/fulltext/bks/B11-05505.pdf</a> |
| 905 ## - Cataloger and Reviser Names |
| Cataloger Name: |
Rawan khaled |
| Revisor Name: |
Hassnaa |
| 942 ## - ADDED ENTRY ELEMENTS (KOHA) |
| Source of classification or shelving scheme |
Dewey Decimal Classification |
| Suppress in OPAC |
No |
| Koha item type |
Books |
| Edition |
21 |